000 00447nam a2200181Ia 4500
001 10893
005 20260306161905.0
008 260306t1978||||xx |||||||||||||| ||spa||
041 _aESP
082 _a980
_bT59
100 _aTironi, Ernesto
_eAUT
245 0 _aPacto andino:
_bdesarrollo nacional e integración andina
260 _c1978
300 _a265 pƔginas :
_c19 cm.
650 _aGEN
654 _aCHU
942 _cLIB
_dJUS
_fJUS
_2ddc
_n
999 _c10893
_d10893